000
nam a22 7a 4500
999
_c
51526
_d
51526
003
OSt
005
20220401153010.0
008
220401b xxu||||| |||| 00| 0 eng d
040
_c
sero soft
100
_a
Husain prof.Naushad
245
_a
contemporary india and education
260
_a
new delhi
_b
Shipra
300
_a
416
942
_2
ddc
_c
02